Teach yourself electronics (Record no. 80924)

MARC details
000 -LEADER
fixed length control field 01287nam a2200229 a 4500
008 - FIXED-LENGTH DATA ELEMENTS--GENERAL INFORMATION
fixed length control field 090303s2003 ||||||||||||||||| || u
020 ## - INTERNATIONAL STANDARD BOOK NUMBER
International Standard Book Number 0071452095
050 ## - LIBRARY OF CONGRESS CALL NUMBER
Classification number TK 7816 Pla
100 ## - MAIN ENTRY--PERSONAL NAME
Personal name Plant, Malcom
245 10 - TITLE STATEMENT
Title Teach yourself electronics
Statement of responsibility, etc. Malcolm Plant
246 ## -
-- teach yourself
260 ## - PUBLICATION, DISTRIBUTION, ETC.
Place of publication, distribution, etc. London:
Name of publisher, distributor, etc. Hodder Education
Date of publication, distribution, etc. 2003.
300 ## - PHYSICAL DESCRIPTION
Extent x, 342p.: ill.
350 ## -
-- 0.00
490 ## -
-- Teach yourself
650 #0 - SUBJECT ADDED ENTRY--TOPICAL TERM
Topical term or geographic name entry element ELECTRONICS
995 ## -
-- BINDERY (DAMAGED)
-- 0.00
-- 737596
-- CBU-MAIN LIBRARY (Kitwe)
-- 1
-- 0.00
-- TK 7816 PLA.
-- 3
-- DAMAGED
-- Feb 13, 2007
-- 53075
-- Main Library Open Access Collection
995 ## -
-- BINDERY (DAMAGED)
-- 0.00
-- 737595
-- CBU-MAIN LIBRARY (Kitwe)
-- 1
-- 0.00
-- TK 7816 PLA.
-- 2
-- DAMAGED
-- Feb 13, 2007
-- 53068
-- Main Library Open Access Collection
995 ## -
-- BINDERY (DAMAGED)
-- 0.00
-- 739694
-- CBU-MAIN LIBRARY (Kitwe)
-- 1
-- 0.00
-- TK 7816 PLA
-- 1
-- DAMAGED
-- Mar 31, 2009
-- 739694
-- Main Library Open Access Collection
995 ## -
-- BINDERY (DAMAGED)
-- 0.00
-- 739917
-- CBU-MAIN LIBRARY (Kitwe)
-- 1
-- 0.00
-- TK 7816 Pla
-- 2
-- DAMAGED
-- Apr 27, 2009
-- 739917
-- Main Library Open Access Collection
995 ## -
-- MAIN LIBRARY OPEN ACCESS
-- 0.00
-- 737594
-- CBU-MAIN LIBRARY (Kitwe)
-- 1
-- 0.00
-- TK 7816 PLA.
-- 1
-- AVAILABLE
-- Feb 13, 2007
-- 53076
-- Main Library Open Access Collection
999 ## -
-- 80924
-- 80924
Holdings
Withdrawn status Lost status Source of classification or shelving scheme Damaged status Not for loan Permanent Location Current Location Shelving location Date acquired Total Checkouts Full call number Barcode Date last seen Copy number Price effective from Koha item type
          CBU-MAIN LIBRARY, KITWE. CBU-MAIN LIBRARY, KITWE.   07/11/2023   TK 7816 Pla 53075 07/11/2023 1 07/11/2023 MONOGRAPH
          CBU-MAIN LIBRARY, KITWE. CBU-MAIN LIBRARY, KITWE.   07/11/2023   TK 7816 Pla 53068 07/11/2023 2 07/11/2023 MONOGRAPH
          CBU-MAIN LIBRARY, KITWE. CBU-MAIN LIBRARY, KITWE.   07/11/2023   TK 7816 Pla 739694 07/11/2023 3 07/11/2023 MONOGRAPH
          CBU-MAIN LIBRARY, KITWE. CBU-MAIN LIBRARY, KITWE.   07/11/2023   TK 7816 Pla 739917 07/11/2023 4 07/11/2023 MONOGRAPH
          CBU-MAIN LIBRARY, KITWE. CBU-MAIN LIBRARY, KITWE.   07/11/2023   TK 7816 Pla 53076 07/11/2023 5 07/11/2023 MONOGRAPH